Statistiken für Hirnnerven

Klicken Sie hier um das Quiz zu spielen!

Allgemein

  • Dieses Quiz wurde 8 mal gespielt
  • Das Durchschnittsergebnis liegt bei 11 aus 45

Antwortstatistiken

Hirnnerven% Korrekt
6N. abducens
67%
7N. facialis
67%
3N. oculomotorius
67%
1N. olfactorius
67%
2N. opticus
67%
5N. trigeminus
67%
4N. trochlearis
67%
8N. vestibulocochlearis
67%
9B
33%
7B
33%
5B
33%
10B
33%
2Canalis opticus
33%
6Fissura orbitalis superior
33%
3Fissura orbitalis superior
33%
4Fissura orbitalis superior
33%
1Lamina cribrosa
33%
11N. accessorius
33%
9N. glossopharyngeus
33%
12N. hypoglossus
33%
V3N. mandibularis
33%
V2N. maxillaris
33%
V1N. ophthalmicus
33%
10N. vagus
33%
2S
33%
1S
33%
7Canalis nervi facialis
0%
12Canalis nervi hypoglossi
0%
5Fissura orbitalis superior
0%
V1Fissura orbitalis superior
0%
10Foramen jugulare
0%
11Foramen jugulare
0%
9Foramen jugulare
0%
V3Foramen ovale
0%
V2Foramen rotundum
0%
3M
0%
4M
0%
11M
0%
6M
0%
12M
0%
8Meatus acusticus internus
0%
8S
0%
V1Unbekannt
0%
V2Unbekannt
0%
V3Unbekannt
0%

Verteilung der Resultate

Perzentil nach korrekt beantworteten Fragen

Anzahl Personen mit jedem Resultat

Ihre Resultats-Entwicklung

Sie haben dieses Quiz noch nicht gespielt